Defunct Professional Sports Teams - Sudden Death - Statistics

General Stats
  • This quiz has been taken 109 times
  • The average score is 5 of 16
Answers on the Grid
Answers color-coded by a green-red scale on the quiz's grid according to % correct below.
Louisville Colonels
Anderson Packers
Maine Mountain Men
Newark Peppers
Pittsburgh Huskies
Virginia Hornets
Chicago Stags
Waterloo Hawks
Boston Yanks
Cleveland Buckeyes
Los Angeles Stars
Hamilton Black Bears
Baltimore Colts
Atlanta Thrashers
Hartford Whalers
St. Louis Falcons
San Diego Red Woods
California Golden Seals
Jacksonville Pirates
Rochester Rats
Toledo Maroons
Charlotte Kings
Indianapolis Olympians
Sheboygan Brewers
Kansas City Roadrunners
Montreal Expos
Cleveland Spiders
Providence Steamrollers
Oakland Vikings
Denver Yetis
Dayton Triangles
Miami Manatees
 
Answer Stats
Answer % Correct
Baltimore Colts
66%
Montreal Expos
58%
Atlanta Thrashers
56%
Hartford Whalers
55%
Chicago Stags
44%
Louisville Colonels
41%
California Golden Seals
35%
Boston Yanks
34%
Cleveland Spiders
34%
Providence Steamrollers
27%
Dayton Triangles
24%
Anderson Packers
23%
Toledo Maroons
23%
Waterloo Hawks
17%
Indianapolis Olympians
11%
Newark Peppers
3%
No matching quizzes found
Score Distribution
Percent of People with Each Score
Percentile by Number Answered
Your Score History
You have not taken this quiz